<?xml version="1.0" encoding="UTF-8"?>
<marc:record xmlns:marc="http://www.loc.gov/MARC21/slim">
   <marc:leader>00000nam a2200000 a 4500</marc:leader>
   <marc:datafield ind1="1" ind2=" " tag="100">
      <marc:subfield code="a">Fuchs, Michael</marc:subfield>
      <marc:subfield code="4">edt</marc:subfield>
      <marc:subfield code="e">Bearbeiter/-in</marc:subfield>
   </marc:datafield>
   <marc:datafield ind1=" " ind2=" " tag="653">
      <marc:subfield code="a">Kind</marc:subfield>
   </marc:datafield>
   <marc:datafield ind1=" " ind2=" " tag="653">
      <marc:subfield code="a">Singstimme</marc:subfield>
   </marc:datafield>
   <marc:datafield ind1=" " ind2=" " tag="653">
      <marc:subfield code="a">Entwicklung</marc:subfield>
   </marc:datafield>
   <marc:datafield ind1=" " ind2=" " tag="653">
      <marc:subfield code="a">Hören</marc:subfield>
   </marc:datafield>
   <marc:datafield ind1=" " ind2=" " tag="653">
      <marc:subfield code="a">Wahrnehmung</marc:subfield>
   </marc:datafield>
   <marc:datafield ind1=" " ind2=" " tag="653">
      <marc:subfield code="a">Softcover / Naturwissenschaften allgemein</marc:subfield>
   </marc:datafield>
   <marc:datafield ind1=" " ind2=" " tag="653">
      <marc:subfield code="a">Konferenzschrift</marc:subfield>
   </marc:datafield>
   <marc:datafield ind1=" " ind2=" " tag="653">
      <marc:subfield code="a">Kongress</marc:subfield>
   </marc:datafield>
   <marc:datafield ind1="0" ind2="0" tag="245">
      <marc:subfield code="a">Hören, Wahrnehmen, (Aus-)Üben</marc:subfield>
   </marc:datafield>
   <marc:datafield ind1="0" ind2="0" tag="245">
      <marc:subfield code="c">Michael Fuchs (Hrsg.)</marc:subfield>
   </marc:datafield>
   <marc:datafield ind1=" " ind2="1" tag="264">
      <marc:subfield code="a">Berlin</marc:subfield>
      <marc:subfield code="b">Logos-Verl.</marc:subfield>
      <marc:subfield code="c">2009</marc:subfield>
   </marc:datafield>
   <marc:datafield ind1="1" ind2=" " tag="490">
      <marc:subfield code="a">Kinder- und Jugendstimme</marc:subfield>
      <marc:subfield code="v">Bd. 3</marc:subfield>
   </marc:datafield>
   <marc:datafield ind1="1" ind2=" " tag="520">
      <marc:subfield code="a">Angaben aus der Verlagsmeldung

Hören, Wahrnehmen, (Aus-)Üben

Für das Singen und für jede stimmliche Äußerung ist ein komplexer Regelkreis erforderlich: Er beginnt beim Hören und führt über das Wahrnehmen und Verarbeiten zum Üben und Ausüben und wieder zurück zum Hören und Wahrnehmen für die Eigenkontrolle der Stimme. Die dazu erforderlichen Fähigkeiten des Gehörs, des Gehirns und des Stimmapparates entwickeln sich bereits im Säuglingsalter und über die gesamte Zeit der Kindheit und Jugend. Sie sollten auf der Grundlage eines fachübergreifenden Wissens und Könnens der Bezugspersonen gefördert und trainiert werden.

In diesem Band stellen dazu ausgewiesene Spezialisten aus den Bereichen Neurowissenschaften, Medizin, Musiktherapie, Sportpsychologie, Kommunikationswissenschaft, Pädagogik und Gesangspädagogik in allgemein verständlicher Weise ihre Kenntnisse und Sichtweisen dar. Die interdisziplinäre Schriftenreihe "Kinder- und Jugendstimme" richtet sich an Leser, die sich mit der Ausbildung, Pflege, Gesunderhaltung und Behandlung von jungen Stimmen beschäftigen, ob als Musikschul- und Musiklehrer, Gesangspädagogen, Ärzte, Logopäden, Sprechwissenschaftler oder Vertreter verwandter Professionen.
</marc:subfield>
   </marc:datafield>
   <marc:datafield ind1=" " ind2=" " tag="020">
      <marc:subfield code="a">9783832521509</marc:subfield>
      <marc:subfield code="9">9783832521509</marc:subfield>
   </marc:datafield>
   <marc:datafield ind1=" " ind2=" " tag="041">
      <marc:subfield code="a">ger</marc:subfield>
   </marc:datafield>
   <marc:datafield ind1=" " ind2=" " tag="300">
      <marc:subfield code="a">199 S.</marc:subfield>
   </marc:datafield>
</marc:record>
